Rascal Flatts Charting Songs (Billboard Hot 100) - Statistics

General Stats
  • This quiz has been taken 23 times
    18 since last reset
  • The average score is 15 of 37
Answer Stats
Album Weeks On Peak Artist(s) Song % Correct
Cars: The Soundtrack 20 Weeks #7 Rascal Flatts Life is a Highway
100%
Feels Like Today 13 Weeks #56 Rascal Flatts Feels Like Today
67%
Melt 20 Weeks #21 Rascal Flatts Mayberry
67%
Me and My Gang 20 Weeks #28 Rascal Flatts My Wish
67%
Feels Like Today 20 Weeks #29 Rascal Flatts Bless the Broken Road
60%
Me and My Gang 16 Weeks #50 Rascal Flatts Me and My Gang
60%
Rewind 20 Weeks #38 Rascal Flatts Rewind
60%
Me and My Gang 51 Weeks #6 Rascal Flatts What Hurts the Most
60%
Feels Like Today 20 Weeks #38 Rascal Flatts Fast Cars and Freedom
53%
Melt 20 Weeks #23 Rascal Flatts These Days
53%
Unstoppable 18 Weeks #52 Rascal Flatts Unstoppable
53%
Nothing Like This 23 Weeks #43 Rascal Flatts ft. Natasha Bedingfield Easy
47%
Still Feels Good 17 Weeks #50 Rascal Flatts Here
47%
Rewind 16 Weeks #52 Rascal Flatts I Like the Sound of That
47%
Me and My Gang 20 Weeks #46 Rascal Flatts Stand
47%
Back to Us 10 Weeks #71 Rascal Flatts Yours If You Want It
47%
Changed 8 Weeks #73 Rascal Flatts Changed
40%
Unstoppable 16 Weeks #11 Rascal Flatts Here Comes Goodbye
40%
How They Remember You EP 2 Weeks #89 Rascal Flatts How They Remember You
40%
Still Feels Good 20 Weeks #19 Rascal Flatts Take Me There
40%
Unstoppable 18 Weeks #37 Rascal Flatts Summer Nights
33%
Rascal Flatts 14 Weeks #56 Rascal Flatts This Everyday Love
33%
Nothing Like This 20 Weeks #48 Rascal Flatts Why Wait
33%
Changed 17 Weeks #51 Rascal Flatts Banjo
27%
Changed 20 Weeks #52 Rascal Flatts Come Wake Me Up
27%
Melt 20 Weeks #34 Rascal Flatts I Melt
27%
Rascal Flatts 19 Weeks #41 Rascal Flatts I'm Movin' On
27%
Nothing Like This 20 Weeks #31 Rascal Flatts I Won't Let Go
27%
Melt 20 Weeks #30 Rascal Flatts Love You Out Loud
27%
Rascal Flatts 20 Weeks #38 Rascal Flatts Prayin' for Daylight
27%
Still Feels Good 20 Weeks #52 Rascal Flatts Winner at a Losing Game
27%
Still Feels Good 17 Weeks #45 Rascal Flatts Every Day
20%
Unstoppable 1 Week #59 Rascal Flatts Love Who You Love
13%
Rascal Flatts 12 Weeks #60 Rascal Flatts While You Loved Me
13%
Unstoppable 1 Week #53 Rascal Flatts Forever
7%
Feels Like Today 17 Weeks #42 Rascal Flatts Skin (Sarabeth)
7%
Unstoppable 1 Week #85 Rascal Flatts Things That Matter
7%
No matching quizzes found
Score Distribution
Percent of People with Each Score
Percentile by Number Answered
Your Score History
You have not taken this quiz since the last reset